Statistiques concernant Départements français par image n°6

Cliquez ici pour prendre le quiz!

Statistiques générales

  • Ce quiz a été pris 76 fois
  • Le résultat moyen est 7 sur 15

Statistiques - réponses

Réponse% Correct
Haut-Rhin
94%
Seine-Maritime
93%
Loir-et-Cher
83%
Vienne
79%
Landes
76%
Calvados
59%
Guadeloupe
57%
Corrèze
39%
Seine-et-Marne
37%
Wallis-et-Futuna
34%
Nièvre
26%
Haute-Saône
23%
Charente
21%
Aube
17%
Orne
11%

Distribution des résultats

Percentile par nombre de réponses

% des personnes avec chaque résultat

Votre développement - résultats

Vous n’avez pas pris ce quiz